000 00771nam a22002537a 4500
005 20170124110255.0
010 _aA-408915
020 _c00.00
_a0802401767
035 _aA-408915
037 _bCen Lib/Ret
040 _aDPL
_bEN
082 _a575.1
_bFRA
100 _aFrair, Wayne
_920546
245 _aA case for creation /
_cby Wayne Frair [and] Percival Davis ; illustrated by Carla Field
260 _aChicago
_bMoody Press
_c1983
270 _aChicago
_bChicago
300 _a155p. :
_c22cm(Hb)
_bill.
500 _aIncludes bibliographical reference and index
650 _aCreationism
_9110900
650 _aEvolution
_9110901
700 _aDavis, Percival
_9110902
700 _aField, Carla
_920549
942 _2ddc
_cEN
_h575.1
_mFRA
999 _c136124
_d136124